000
00313nam a22001457a 4500
003
SGT
082
_a
611
_b
H23S
100
_a
SONTAKKE, YOGESH
245
_a
TB. OF HUMAN ANATOMY: BRAIN VOL-6
250
_a
1ST
260
_a
INDIA
_b
CBS PUB
_c
2023
300
_a
182
650
_a
HUMAN ANATOMY
942
_2
ddc
_c
BK
999
_c
33656
_d
33656